Los cristianos en la historia de la educación
Gorde:
| Egile nagusia: | |
|---|---|
| Formatua: | Liburua |
| Hizkuntza: | gaztelania |
| Argitaratua: |
Santiago
Tiberíades
2007
|
| Saila: | Textos de Educación
|
| Gaiak: | |
| Etiketak: |
Etiketa erantsi
Etiketarik gabe, Izan zaitez lehena erregistro honi etiketa jartzen!
|
MARC
| LEADER | 00000cam a2200000 a 4500 | ||
|---|---|---|---|
| 001 | UCF8889 | ||
| 003 | CL-VaPUC | ||
| 008 | 131011e20070100cl |||||||||||||||||spa|d | ||
| 020 | |a 9789568188597o.c | ||
| 020 | |a 9789568188603v.1 A | ||
| 020 | |a 9789568188610v.1 B | ||
| 082 | 0 | 4 | |a 270.09 |b GAR |2 21 |
| 100 | |a García Ahumada, Enrique |e author |9 600813 | ||
| 245 | 1 | 4 | |a Los cristianos en la historia de la educación |
| 300 | |a v | ||
| 942 | |c BK | ||
| 945 | |d 20131011 10:45:00 |a dcastane | ||
| 260 | |a Santiago |b Tiberíades |c 2007 | ||
| 500 | |a v.1 A: el mundo, exceptuando América hasta el siglo XVIII | ||
| 500 | |a v.1 B: el mundo, exceptuando América, siglos XIX y XX | ||
| 500 | |a v.2: América, exceptuando Chile republicano | ||
| 500 | |a v.3: católicos pioneros en educación en Chile republicano, 1810-2000 | ||
| 650 | 0 | |a Historia de la educación |9 257642 | |
| 650 | 0 | |a Cristianismo |9 257361 | |
| 650 | 0 | |a Educación chilena |9 327162 | |
| 583 | |a last modification |c 20131011 10:45:00 |k Rodrigo Vera | ||
| 490 | 0 | |a Textos de Educación | |
| 999 | |c 353402 |d 353400 | ||
| 952 | |0 0 |1 0 |3 erb |4 0 |6 270_090000000000000_GAR_2007 |7 0 |8 A |9 458591 |a BIBTEO |b BIBTEO |d 2019-11-23 |h v.1 A |i 501610K |o 270.09 GAR 2007 |p 501610K |r 2025-01-17 |w 2019-11-23 |y BK |z Catalogado en:20131011 |k ICR | ||
| 952 | |0 0 |1 0 |3 erb |4 0 |6 270_090000000000000_GAR_2007 |7 0 |8 A |9 458592 |a BIBTEO |b BIBTEO |d 2019-11-23 |h v.1 B |i 5016118 |o 270.09 GAR 2007 |p 5016118 |r 2025-01-17 |w 2019-11-23 |y BK |z Catalogado en:20131011 |k ICR | ||
| 952 | |0 0 |1 0 |3 erb |4 0 |6 270_090000000000000_GAR_2007 |7 0 |8 A |9 458593 |a BIBTEO |b BIBTEO |d 2019-11-23 |h v.2 |i 5016126 |o 270.09 GAR 2007 |p 5016126 |r 2025-01-17 |w 2019-11-23 |y BK |z Catalogado en:20131011 |k ICR | ||
| 952 | |0 0 |1 0 |3 erb |4 0 |6 270_090000000000000_GAR_2007 |7 0 |8 A |9 458594 |a BIBTEO |b BIBTEO |d 2019-11-23 |h v.3 |i 5016134 |o 270.09 GAR 2007 |p 5016134 |r 2025-01-17 |w 2019-11-23 |y BK |z Catalogado en:20131011 |k ICR | ||